01121nam a2200193Ia 4500001001100000003001000011008004100021040002500062041001300087100002600100245006500126250001100191260009100202300002800293500022800321501011400549520022800663650003600891L200-54949IT-CnALBA170116s9999||||xx |||||||||||||| ||und|| aIT-CnALBAcIT-CnALBA aITALIANO aCAPRILE GIOVANNI, SJ. 0aIL SINODO DEI VESCOVI 1969+. PRIMA ASSEMBLEA STRAORDINARIA.  a1a ed. a ROMAbLA CIVILTÀ CATTOLICA EDIZIONI c1970 [1° Ed.:1970 - Ed.Ling.Originale: 1970] a352 p. (prefazione: 10) aINDICE ONOMASTICO. DOCUMENTI CONCILIARI. DOCUMENTI PONTIFICI. INDICE ANALITICO. CONCLUSIONI DEL PRIMO SINODO. SINODO STRAORDINARIO. RAPPORTO TRA SANTA SEDE E CONFERENZE EPISCOPALI. GIORNATE CONCLUSIVE. IL PAPA E IL SINODO.  aSocietà San Paolo EM - Piazza San Paolo, 14 - 12051 ALBA (CN) (non commercial uses only) ® Copyright 2017 aINDICE ONOMASTICO. DOCUMENTI CONCILIARI. DOCUMENTI PONTIFICI. INDICE ANALITICO. CONCLUSIONI DEL PRIMO SINODO. SINODO STRAORDINARIO. RAPPORTO TRA SANTA SEDE E CONFERENZE EPISCOPALI. GIORNATE CONCLUSIVE. IL PAPA E IL SINODO.  aRELIGIONE - RELIGIONE CRISTIANA